000 00451nam a2200181Ia 4500
008 230524s9999 xx 000 0 und d
020 _a8178086883
082 _a621.3822
_bOPP
100 _aAlan V.Oppenheim
245 0 _aSignals and Systems
250 _a2ND
260 _aNEW DELHI
_bPearson
_c2004
300 _a957
500 _aQuantity Number: 5
650 _aElectronics
700 _a" Alan S.Willsky , S.Hamid Nawab,,,"
942 _cBK
999 _c23798
_d23798